|
|
|
|
| LEADER |
00000cam a2200000 7i4500 |
| 001 |
0000000808 |
| 005 |
20021118093000.0 |
| 008 |
021118n |
| 020 |
|
|
|a 0521295564
|
| 090 |
0 |
0 |
|a LB1139.L3
|b E44
|
| 100 |
0 |
|
|a Elliot, Alison J. ,
|e author
|
| 245 |
0 |
0 |
|a Child language
|c Alison J. Elliot
|
| 260 |
2 |
|
|a Cambridge :
|b Cambridge University Press ,
|c 1981
|
| 300 |
|
|
|a vi, 194 p. ; ;
|c 23 cm.
|
| 440 |
0 |
0 |
|a Cambridge textbooks in linguistics
|
| 504 |
|
|
|a Includes bibliographical references (p. 176-190) and index
|
| 650 |
|
0 |
|a Children
|x Language
|
| 999 |
|
|
|a 1000083766
|b Book
|c OPEN SHELF (30 DAYS)
|e Gong Badak Campus
|